书目信息 |
| 题名: |
医学科研基础
|
|
| 作者: | 李晓惠 主编 | |
| 分册: | ||
| 出版信息: | 北京 科学出版社 2003.08 |
|
| 页数: | 245页 | |
| 开本: | 26cm | |
| 丛书名: | ||
| 单 册: | ||
| 中图分类: | R-03 | |
| 科图分类: | ||
| 主题词: | 医药学--理论 | |
| 电子资源: | ||
| ISBN: | 7-03-011765-4 | |
| 000 | 00752nam0 2200229 450 | |
| 001 | 0335571647 | |
| 005 | 20031212095251.06 | |
| 010 | @a7-03-011765-4@dCNY22.00 | |
| 100 | @a20031212d2003 km y0chiy0120 ea | |
| 101 | 0 | @achi |
| 102 | @aCN@b110000 | |
| 200 | 1 | @a医学科研基础@Ayi xue ke yan ji chu@f李晓惠主编@Fli xiao hui zhu bian |
| 210 | @a北京@c科学出版社@d2003.08 | |
| 215 | @a245页@d26cm | |
| 300 | @a供高职(公共课)护理、助产、检验、药剂、卫生保健、康复、口腔工艺、影像技术等相关医学专业使用 | |
| 300 | @a面向21世纪全国卫生职业教育系列教改教材 | |
| 510 | @a=Vocational English:Medicine(Book One) | |
| 606 | 0 | @a医药学@x理论 |
| 690 | @aR-03@v4 | |
| 701 | 0 | @a李晓惠@Ali xiao hui@4主编 |
| 801 | 0 | @aCN@bPFT@c20031212 |
| 905 | @aBZT@dR-03@e1@f4 | |
| 医学科研基础/李晓惠主编.-北京:科学出版社,2003.08 |
| 245页;26cm |
| 供高职(公共课)护理、助产、检验、药剂、卫生保健、康复、口腔工艺、影像技术等相关医学专业使用.-面向21世纪全国卫生职业教育系列教改教材.-←并列题名:=Vocational English:Medicine(Book One) |
| ISBN 7-03-011765-4:CNY22.00 |
| ● |
| 相关链接 |
|
|
|
正题名:医学科研基础
索取号:R-03/1
 
预约/预借
| 序号 | 登录号 | 条形码 | 馆藏地/架位号 | 状态 | 备注 |
| 1 | 2001061738 | 2001061738 | 样本书库/样008架B面3层1列/ [索取号:R-03/1] | 在馆 |